Every Team Promoted in Football League + National League 2010-2025 - Statistics

General Stats
  • This quiz has been taken 25 times
    7 since last reset
  • The average score is 118 of 236
Answer Stats
Season Division Club % Correct
2010/11 Conference Premier AFC Wimbledon
100%
2015/16 League Two AFC Wimbledon
100%
2024/25 League Two AFC Wimbledon
100%
2014/15 Conference South Bromley
100%
2023/24 National League Bromley
100%
2013/14 Championship Burnley
100%
2015/16 Championship Burnley
100%
2022/23 Championship Burnley
100%
2024/25 Championship Burnley
100%
2012/13 Championship Hull City
100%
2015/16 Championship Hull City
100%
2020/21 League One Hull City
100%
2022/23 League One Ipswich Town
100%
2023/24 Championship Ipswich Town
100%
2024/25 Championship Leeds
100%
2019/20 Championship Leeds United
100%
2015/16 League Two Oxford United
100%
2023/24 League One Oxford United
100%
2016/17 League Two Plymouth Argyle
100%
2019/20 League Two Plymouth Argyle
100%
2022/23 League One Plymouth Argyle
100%
2024/25 National League North Scunthorpe
100%
2013/14 League Two Scunthorpe United
100%
2021/22 League One Sunderland
100%
2024/25 Championship Sunderland
100%
2022/23 National League Wrexham
100%
2023/24 League Two Wrexham
100%
2024/25 League One Wrexham
100%
2014/15 Football Conference Barnet
75%
2024/25 National League Barnet
75%
2015/16 League One Barnsley
75%
2018/19 League One Barnsley
75%
2024/25 League One Birmingham
75%
2016/17 League One Bolton Wanderers
75%
2020/21 League Two Bolton Wanderers
75%
2014/15 Conference South Boreham Wood
75%
2024/25 National League South Boreham Wood
75%
2024/25 League Two Bradford
75%
2012/13 League Two Bradford City
75%
2012/13 Conference North Chester
75%
2010/11 League Two Chesterfield
75%
2013/14 League Two Chesterfield
75%
2023/24 National League Chesterfield
75%
2024/25 League Two Doncaster
75%
2012/13 League One Doncaster Rovers
75%
2016/17 League Two Doncaster Rovers
75%
2020/21 National League Hartlepool United
75%
2013/14 Championship Leicester City
75%
2023/24 Championship Leicester City
75%
2021/22 Championship Nottingham Forest
75%
2022/23 National League Notts County
75%
2024/25 National League Oldham
75%
2016/17 League Two Portsmouth
75%
2023/24 League One Portsmouth
75%
2012/13 League Two Port Vale
75%
2021/22 League Two Port Vale
75%
2024/25 League Two Port Vale
75%
2014/15 League One Preston North End
75%
2010/11 Championship Queens Park Rangers
75%
2013/14 Championship Queens Park Rangers
75%
2011/12 Championship Reading
75%
2013/14 League Two Rochdale
75%
2012/13 League Two Rotherham United
75%
2013/14 League One Rotherham United
75%
2017/18 League One Rotherham United
75%
2019/20 League One Rotherham United
75%
2021/22 League One Rotherham United
75%
2011/12 League One Sheffield Wednesday
75%
2022/23 League One Sheffield Wednesday
75%
2010/11 League One Southampton
75%
2011/12 Championship Southampton
75%
2023/24 Championship Southampton
75%
2018/19 National League North Stockport County
75%
2021/22 National League Stockport County
75%
2023/24 League Two Stockport County
75%
2018/19 Championship Aston Villa
50%
2014/15 Conference North Barrow
50%
2019/20 National League Barrow
50%
2017/18 League One Blackburn Rovers
50%
2016/17 League Two Blackpool
50%
2020/21 League One Blackpool
50%
2012/13 League One Bournemouth
50%
2014/15 Championship Bournemouth
50%
2021/22 Championship Bournemouth
50%
2013/14 League One Brentford
50%
2020/21 Championship Brentford
50%
2010/11 League One Brighton & Hove Albion
50%
2016/17 Championship Brighton & Hove Albion
50%
2014/15 League One Bristol City
50%
2014/15 Football Conference Bristol Rovers
50%
2015/16 League Two Bristol Rovers
50%
2021/22 League Two Bristol Rovers
50%
2014/15 League Two Burton Albion
50%
2015/16 League One Burton Albion
50%
2010/11 League Two Bury
50%
2014/15 League Two Bury
50%
2018/19 League Two Bury
50%
2013/14 Football Conference Cambridge United
50%
2020/21 League Two Cambridge United
50%
2012/13 Championship Cardiff City
50%
2017/18 Championship Cardiff City
50%
2022/23 League Two Carlisle United
50%
2024/25 League One Charlton
50%
2011/12 League One Charlton Athletic
50%
2018/19 League One Charlton Athletic
50%
2017/18 League Two Coventry City
50%
2019/20 League One Coventry City
50%
2010/11 Conference Premier Crawley Town
50%
2011/12 League Two Crawley Town
50%
2023/24 League Two Crawley Town
50%
2011/12 League Two Crewe Alexandra
50%
2019/20 League Two Crewe Alexandra
50%
2012/13 Championship Crystal Palace
50%
2021/22 League Two Exeter City
50%
2017/18 Championship Fulham
50%
2019/20 Championship Fulham
50%
2021/22 Championship Fulham
50%
2012/13 League Two Gillingham
50%
2017/18 National League North Harrogate Town
50%
2019/20 National League Harrogate Town
50%
2011/12 League One Huddersfield Town
50%
2016/17 Championship Huddersfield Town
50%
2018/19 National League Leyton Orient
50%
2022/23 League Two Leyton Orient
50%
2016/17 National League Lincoln City
50%
2018/19 League Two Lincoln City
50%
2013/14 Football Conference Luton Town
50%
2017/18 League Two Luton Town
50%
2018/19 League One Luton Town
50%
2022/23 Championship Luton Town
50%
2012/13 Conference National Mansfield Town
50%
2023/24 League Two Mansfield Town
50%
2015/16 Championship Middlesbrough
50%
2016/17 League One Millwall
50%
2020/21 League Two Morecambe
50%
2016/17 Championship Newcastle United
50%
2012/13 Conference National Newport County
50%
2015/16 League Two Northampton Town
50%
2019/20 League Two Northampton Town
50%
2022/23 League Two Northampton Town
50%
2010/11 Championship Norwich City
50%
2014/15 Championship Norwich City
50%
2018/19 Championship Norwich City
50%
2020/21 Championship Norwich City
50%
2010/11 League One Peterborough United
50%
2020/21 League One Peterborough United
50%
2017/18 National League North Salford City
50%
2018/19 National League Salford City
50%
2016/17 League One Sheffield United
50%
2018/19 Championship Sheffield United
50%
2022/23 Championship Sheffield United
50%
2011/12 League Two Shrewsbury Town
50%
2014/15 League Two Shrewsbury Town
50%
2015/16 National League South Sutton United
50%
2020/21 National League Sutton United
50%
2010/11 Championship Swansea City
50%
2011/12 League Two Swindon Town
50%
2019/20 League Two Swindon Town
50%
2024/25 National League South Truro
50%
2014/15 Championship Watford
50%
2020/21 Championship Watford
50%
2019/20 Championship West Bromwich Albion
50%
2011/12 Championship West Ham United
50%
2015/16 League One Wigan Athletic
50%
2017/18 League One Wigan Athletic
50%
2021/22 League One Wigan Athletic
50%
2013/14 League One Wolverhampton Wanderers
50%
2017/18 Championship Wolverhampton Wanderers
50%
2010/11 League Two Wycombe Wanderers
50%
2017/18 League Two Wycombe Wanderers
50%
2019/20 League One Wycombe Wanderers
50%
2023/24 National League North Boston United
25%
2024/25 National League North Brackley
25%
2015/16 National League Cheltenham Town
25%
2020/21 League Two Cheltenham Town
25%
2023/24 League One Derby County
25%
2013/14 Conference South Dover Athletic
25%
2013/14 Conference South Eastleigh
25%
2011/12 Conference Premier Fleetwood Town
25%
2013/14 League Two Fleetwood Town
25%
2016/17 National League Forest Green Rovers
25%
2021/22 League Two Forest Green Rovers
25%
2015/16 National League Grimsby Town
25%
2021/22 National League Grimsby Town
25%
2017/18 National League Macclesfield Town
25%
2014/15 League One Milton Keynes Dons
25%
2018/19 League Two Milton Keynes Dons
25%
2014/15 League Two Southend United
25%
2010/11 League Two Stevenage
25%
2022/23 League Two Stevenage
25%
2023/24 National League North Tamworth
25%
2018/19 National League South Torquay United
25%
2017/18 National League Tranmere Rovers
25%
2018/19 League Two Tranmere Rovers
25%
2012/13 League One Yeovil Town
25%
2023/24 National League South Yeovil Town
25%
2011/12 Conference Premier York City
25%
2021/22 National League North York City
25%
2017/18 League Two Accrington Stanley
0%
2016/17 National League North AFC Fylde
0%
2022/23 National League North AFC Fylde
0%
2010/11 Conference North AFC Telford United
0%
2013/14 Conference North AFC Telford United
0%
2010/11 Conference North Alfreton Town
0%
2013/14 Conference North Altrincham
0%
2019/20 National League North Altrincham
0%
2010/11 Conference South Braintree Town
0%
2017/18 National League South Braintree Town
0%
2023/24 National League South Braintree Town
0%
2018/19 National League North Chorley
0%
2011/12 Conference South Dartford
0%
2021/22 National League South Dorking Wanderers
0%
2010/11 Conference South Ebbsfleet United
0%
2016/17 National League South Ebbsfleet United
0%
2022/23 National League South Ebbsfleet United
0%
2012/13 Conference North FC Halifax Town
0%
2016/17 National League North FC Halifax Town
0%
2021/22 National League North Gateshead
0%
2014/15 Conference North Guiseley
0%
2017/18 National League South Havant & Waterlooville
0%
2011/12 Conference North Hyde
0%
2022/23 National League North Kidderminster Harriers
0%
2019/20 National League North King's Lynn Town
0%
2016/17 National League South Maidenhead United
0%
2015/16 National League South Maidstone United
0%
2021/22 National League South Maidstone United
0%
2015/16 National League North North Ferriby United
0%
2011/12 Conference North Nuneaton
0%
2022/23 National League South Oxford City
0%
2012/13 Conference South Salisbury City
0%
2015/16 National League North Solihull Moors
0%
2019/20 National League South Wealdstone
0%
2012/13 Conference South Welling United
0%
2019/20 National League South Weymouth
0%
2011/12 Conference South Woking
0%
2018/19 National League South Woking
0%
No matching quizzes found
Score Distribution
Percent of People with Each Score
Percentile by Number Answered
Your Score History
You have not taken this quiz since the last reset